000 00429nam a2200169Ia 4500
008 230524s9999 xx 000 0 und d
020 _a8120324544
082 _a621.3821
_bANA
100 _aM.M.S.Anand
245 0 _aElectronic Instruments and Instrumentation Technology
250 _a1ST
260 _aNEW DELHI
_bPHI
_c2004
300 _aXIII;728
500 _aQuantity Number: 25
650 _aElectronics
942 _cBK
999 _c32447
_d32447